000 01263nam0a22003131 4500
001 rc\2300331
005 20250623102240.0
035 _a(NLR Aleph) 006719012
090 _a5423260
_c5423260
100 _a20110829d1977 |||y0rusy50 ca
101 0 _arus
102 _aRU
105 _ay z |||||
200 1 _aНовый этап развития иммунологии
_e(Молекулярно-генетические аспекты)
210 _a[Москва]
_cБ. и.
_d1977
215 _a8 с.
_d20
225 1 _aЦентральный институт усовершенствования врачей. "Неделя науки". Симпозиум "Проблемы инфекционной иммунологии". Проблемный доклад
309 _aБез тит. л. и обл.
333 _aДСП. Экз. № 5
700 1 _aЖуков-Вережников
_bН. Н.
_f1908-1981
_gНиколай Николаевич
_9228633
_3RU\NLR\AUTH\770228689
701 1 _aФролов
_bЕ.П.
_gЕвгений Петрович
801 0 _aRU
_bNLR
_gpsbo
801 1 _aRU
_bELAR
_2rusmarc
852 _aNLR
_j77-50К/5673
899 _aRuMoRGB
_jДСП/
899 _aRuMoRGB
_j23 77/1683
942 _cBOOK
980 _aNB